=LDR 00000nam 2200000 4500 =001 INLIS000000000050693 =005 20170515110809 =035 ##$$a 0010-0517000346 =007 ta =008 170515###########################0###### =020 ##$$a 978 - 602 - 7735 - 29 - 3 =082 ##$$a 813 =084 ##$$a 813 JUN k =100 #$$a Juniar, Mita =245 1#$$a Karena aku cinta /$c Mita Juniar =250 ##$$a Cet.1 =260 ##$$a Jakarta :$b Zettu,$c 2014 =300 ##$$a iii, 152 hlm ; $c 19 cm. =650 ##$$a NOVEL =990 ##$$a 84098409 =990 ##$$a 84098409 =990 ##$$a 31701427 =990 ##$$a 02201708409 =990 ##$$a 31701428 =990 ##$$a 31701427